00744nam a2200253 a 4500001001300000003000900013005001700022008004100039020001000080082001700090100002500107245004000132260004300172300000900215500003500224505001000259650002300269650002500292700002500317902000800342942000700350952011800357999001500475nice12345678IN_TiNIC20260116012824.0050524s1964 cala grp 000 0 eng  ac10000a891.448bTAG aTagore, Rabindranath aBoundless Sky, Transl. from Bengali aCalcuttabVisva Bharty Book Shopc1964 a470p aincludes index and biblioraphy2 aNotes aBengali-Literature aRabindra Nath Tagore1 aTagore, Rabindranath bSRS cBK 001040708StackRoom-aHMIbHMId2007-07-31g100.00l0o891.448 TAGp013180r2007-07-31v100.00w2005-05-24yBK c8522d8522